ENHYPEN - Toutes les chansons - Statistiques

Statistiques générales
  • Ce quiz a été pris 187 fois
  • Le résultat moyen est 73 sur 128
Statistiques - réponses
Hint Réponse % Correct
DARK BLOOD 2 Bite Me
88%
X - YOU 1 Bite Me - Japanese Version
88%
BORDER: DAY ONE 2 Given-Taken
88%
BORDER: XX 1 Given-Taken - Japanese Version
88%
定め (SADAME) 6 Given-Taken - Japanese Version
88%
DESIRE: UNLEASH 2 Bad Desire (With or Without You)"
87%
DESIRE: UNLEASH 7 Bad Desire (With or Without You) (English version)
87%
BORDER: CARNIVAL 2 Drunk-Dazed
87%
DIMENSION: XX 2 Drunk-Dazed - Japanese Version
87%
定め (SADAME) 5 Drunk-Dazed - Japanese Version
87%
ROMANCE: UNTOLD 2 XO (Only If You Say Yes)
87%
ROMANCE: UNTOLD -daydream- 4 XO (Only If You Say Yes)
87%
ROMANCE: UNTOLD 9 XO (Only If You Say Yes) (feat. Jvke; English version)
87%
ROMANCE: UNTOLD -daydream- 11 XO (Only If You Say Yes) (feat. Jvke; English version)
87%
THE SIN: VANISH 4 Knife
84%
BORDER: CARNIVAL 3 FEVER
83%
MEMORABILIA 3 Fatal Trouble
82%
DARK MOON: THE BLOOD ALTAR 3 Fatal Trouble
82%
DESIRE: UNLEASH 3 Outside
79%
THE SIN: VANISH 8 Big Girls Don't Cry
78%
DARK BLOOD 4 Chaconne
76%
ORANGE BLOOD 2 Sweet Venom
76%
ORANGE BLOOD 6 Sweet Venom (English Ver.)
76%
ORANGE BLOOD 7 Sweet Venom" (fear. Bella Porch)
76%
DESIRE: UNLEASH 8 Loose
73%
DESIRE: UNLEASH 4 Loose (Korean version)
73%
DESIRE: UNLEASH 5 Helium
72%
THE SIN: VANISH 2 No Way Back (feat. So!YoON!)
72%
MANIFESTO: DAY 1 2 Future Perfect (Pass the Mic)
71%
BORDER: DAY ONE 3 Let Me In (20 CUBE)
71%
BORDER: XX 2 Let Me In (20 CUBE) - Japanese Version
71%
定め (SADAME) 9 Let Me In (20 CUBE) - Japanese Version
71%
DARK BLOOD 1 Fate
70%
MEMORABILIA 5 Lucifer
70%
ROMANCE: UNTOLD 1 Moonstruck
70%
ROMANCE: UNTOLD -daydream- 3 Moonstruck
70%
ROMANCE: UNTOLD -daydream- 2 No Doubt
70%
DARK BLOOD 3 Sacrifice (Eat Me Up)
70%
MEMORABILIA 2 Criminal Love
68%
DARK MOON: THE BLOOD ALTAR 2 CRIMINAL LOVE
68%
DIMENSION: DILEMMA 5 Go Big or Go Home
68%
ROMANCE: UNTOLD -daydream- 1 Daydream
67%
MANIFESTO: DAY 1 5 Shout Out
67%
MEMORABILIA 4 Teeth (멀어)
67%
DARK BLOOD 5 Bills
66%
X - YOU 2 Bills - Japanese Version
66%
BORDER: DAY ONE 5 Flicker
66%
ORANGE BLOOD 5 Orange Flower (You Complete Me)
66%
DIMENSION: ANSWER 10 Polaroid Love
66%
DIMENSION: DILEMMA 2 Tamed-Dashed
66%
DIMENSION: XX 1 Tamed-Dashed - Japanese Version
66%
定め (SADAME) 4 Tamed-Dashed - Japanese Version
66%
BORDER: DAY ONE 4 10 Months
65%
THE SIN: VANISH 5 Stealer
65%
DESIRE: UNLEASH 6 Too Close
65%
DIMENSION: ANSWER 9 Blessed-Cursed
64%
定め (SADAME) 2 Blessed-Cursed - Japanese Version
64%
THE SIN: VANISH 9 Lost Island
64%
ROMANCE: UNTOLD 5 Brought the Heat Back
63%
ROMANCE: UNTOLD -daydream- 7 Brought the Heat Back
63%
Singles 2024 Brought the Heat Back (feat. Ava Max)
63%
ROMANCE: UNTOLD 8 Highway 1009
62%
ROMANCE: UNTOLD -daydream- 10 Highway 1009
62%
MANIFESTO: DAY 1 3 ParadoXXX Invasion
62%
DARK BLOOD 6 Karma
61%
BORDER: CARNIVAL 4 Not for Sale
60%
ORANGE BLOOD 3 Still Monster
60%
ROMANCE: UNTOLD 3 Your Eyes Only
60%
ROMANCE: UNTOLD -daydream- 5 Your Eyes Only
60%
DESIRE: UNLEASH 1 Flashover
59%
ROMANCE: UNTOLD 6 Paranorma!
59%
ROMANCE: UNTOLD -daydream- 8 Paranorma!
59%
MEMORABILIA 6 Scream
58%
X - YOI 1 Shine On Me
58%
Singles 2025 Shine on Me
58%
DIMENSION: DILEMMA 7 Attention, Please!
57%
DIMENSION: DILEMMA 6 Blockbuster (feat. Yeonjun of TXT)
57%
BORDER: CARNIVAL 5 Mixed Up (별안간)
57%
X - YOI 2 Echoes
56%
MEMORABILIA 1 One in a Billion
56%
DARK MOON: THE BLOOD ALTAR 1 One in a Billion - Japanese Version
56%
ROMANCE: UNTOLD 7 Royalty
56%
ROMANCE: UNTOLD -daydream- 9 Royalty
56%
THE SIN: VANISH 10 Sleep Tight
56%
DIMENSION: DILEMMA 3 Upper Side Dreamin'
52%
BORDER: DAY ONE 1 Intro: Walk the Line
51%
X - YOU 3 BLOSSOM
49%
Singles 2023 Blossom
49%
ROMANCE: UNTOLD 4 Hundred Broken Hearts
49%
ROMANCE: UNTOLD -daydream- 6 Hundred Broken Hearts
49%
DIMENSION: DILEMMA 4 Just a Little Bit
49%
MANIFESTO: DAY 1 1 Walk the Line
48%
MANIFESTO: DAY 1 6 Foreshadow
46%
DIMENSION: XX 3 Always
43%
定め (SADAME) 7 Always
43%
Singles 2022 Always pour Muchaburi! I Am the President OST
43%
Singles 2021 Hey Tayo pour Re-Main
43%
ORANGE BLOOD 1 Mortal
43%
MANIFESTO: DAY 1 4 TFW (That Feeling When)
43%
Singles 2021 Billy Poco pour Tayo the Little Bus
39%
Singles 2022 I Need the Light (구해줘) pour Mimicus
38%
Singles 2023 One and Only
38%
BORDER: XX 3 Forget Me Not
35%
定め (SADAME) 0 Forget Me Not
35%
BORDER: CARNIVAL 1 Intro: The Invitation
34%
BORDER: DAY ONE 6 Outro: Cross the Line
34%
Singles 2024 Home
33%
Singles 2025 Demons pour The Seasons; Cantabile of Park Bo Gum
31%
定め (SADAME) 3 Make the change
30%
Singles 2022 Make the change pour Saikou no Obahan Nakajima Haruko 2
30%
Collaborations 2025 Confessions de Flo Rida (feat. Paul Russell)
28%
DIMENSION: DILEMMA 8 Interlude: Question
28%
Singles 2024 I NEED U - Spotify Singles
25%
DIMENSION: DILEMMA 1 Intro: Whiteout
25%
DIMENSION: ANSWER 11 Outro: Day 2
25%
THE SIN: VANISH 1 The Beginnin" (사건의 발단)
25%
THE SIN: VANISH 3 The Fugitives (도망자들)
25%
THE SIN: VANISH 6 The Voice (우리가 찾던 목소리
23%
BORDER: CARNIVAL 6 Outro: The Wormhole
22%
Singles 2022 A Kind of Magic (Coke Studio Session)
20%
THE SIN: VANISH 11 The Beyond (사건의 너머)
20%
THE SIN: VANISH 7 Witness
19%
Singles 2023 Keep Swimmin' Through pour Baby Shark's Big Movie
17%
Singles 2022 Zero Moment pour Summer Strike
11%
Singles 2024 What Make You Beautiful (The Seasons: Red Carpet with Lee Hyo Rio)
10%
X - YOI 3 Bad Desire (With or Without You) - Japanese Version
9%
定め (SADAME) 1 Future Perfect (Pass the Mic) - Japanese Version
8%
ORANGE BLOOD 4 Blind (멀어)
2%
Aucun quiz correspondant
Distribution des résultats
% des personnes avec chaque résultat
Percentile par nombre de réponses
Votre historique - résultats
Vous n’avez pas pris ce quiz